Effect of various organic fertilizers on bunching onion at royal university of agriculture ឥទ្ធិពលនៃប្រភេទជីផ្សេងៗគ្នាទៅលើដំណាំខ្ធឹមស្លឹកនៅសាកលវិទ្យាល័យភូមិន្ទកសិកម្ម (Record no. 1082)
[ view plain ]
| 000 -LEADER | |
|---|---|
| fixed length control field | 00682nam a22001577a 4500 |
| 003 - CONTROL NUMBER IDENTIFIER | |
| control field | OSt |
| 005 - DATE AND TIME OF LATEST TRANSACTION | |
| control field | 20150922154723.0 |
| 008 - FIXED-LENGTH DATA ELEMENTS--GENERAL INFORMATION | |
| fixed length control field | 150922b xxu||||| |||| 00| 0 eng d |
| 040 ## - CATALOGING SOURCE | |
| Transcribing agency | RUA |
| 082 ## - DEWEY DECIMAL CLASSIFICATION NUMBER | |
| Classification number | AGR SOE 2010 B046 Or.1 |
| 100 ## - MAIN ENTRY--PERSONAL NAME | |
| 9 (RLIN) | 1134 |
| Personal name | SOEUR, SEYHA |
| 245 ## - TITLE STATEMENT | |
| Title | Effect of various organic fertilizers on bunching onion at royal university of agriculture ឥទ្ធិពលនៃប្រភេទជីផ្សេងៗគ្នាទៅលើដំណាំខ្ធឹមស្លឹកនៅសាកលវិទ្យាល័យភូមិន្ទកសិកម្ម |
| 260 ## - PUBLICATION, DISTRIBUTION, ETC. (IMPRINT) | |
| Place of publication, distribution, etc. | Phnom Penh |
| Name of publisher, distributor, etc. | RUA |
| Date of publication, distribution, etc. | 2010 |
| 300 ## - PHYSICAL DESCRIPTION | |
| Extent | xi, 49p. |
| Other physical details | ill. |
| Dimensions | 29cm. |
| 942 ## - ADDED ENTRY ELEMENTS (KOHA) | |
| Source of classification or shelving scheme | |
| Koha item type | AGR |
| Price effective from | Date last seen | Permanent Location | Not for loan | Date acquired | Source of classification or shelving scheme | Koha item type | Lost status | Withdrawn status | Total Renewals | Date last checked out | Total Checkouts | Shelving location | Damaged status | Barcode | Checked out | Current Location | Full call number |
|---|---|---|---|---|---|---|---|---|---|---|---|---|---|---|---|---|---|
| 2015-09-22 | 2018-08-15 | Library Block B | 2015-09-22 | AGR | 1 | 2018-06-29 | 3 | B046 | RUA006351 | Library Block B | AGR SOE 2010 B046 Or.1 | ||||||
| 2015-09-22 | 2021-12-21 | Library Block B | 2015-09-22 | AGR | 2021-12-21 | 1 | B046 | RUA006426 | Library Block B | AGR SOE 2010 B046 Or.2 | |||||||
| 2015-09-22 | 2019-06-11 | Library Block B | 2015-09-22 | AGR | 2019-06-11 | 5 | B046 | RUA006640 | 2019-06-29 | Library Block B | AGR SOE 2010 B046 Or.3 | ||||||
| 2015-09-22 | 2023-12-01 | Library Block B | 2015-09-22 | AGR | 2023-11-17 | 3 | B046 | RUA006405 | Library Block B | AGR SOE 2010 B046 Or.4 | |||||||
| 2015-09-22 | 2024-01-26 | Library Block B | 2015-09-22 | AGR | 2024-01-15 | 13 | B046 | RUA006331 | Library Block B | AGR SOE 2010 B046 Or.5 | |||||||
| 2015-09-22 | 2017-02-15 | Library Block B | 2015-09-22 | AGR | 2016-12-28 | 3 | B046 | RUA000363 | Library Block B | AGR SOE 2010 B046 Or.6 | |||||||
| 2015-09-29 | 2015-09-29 | Library Block B | 2015-09-29 | AGR | B053 | RUA019900 | Library Block B | AGR SOE 2010 B053 Or.1 |